Treatment of family violence : a sourcebook

Αποθηκεύτηκε σε:
Λεπτομέρειες βιβλιογραφικής εγγραφής
Άλλοι συγγραφείς: Ammerman, Robert T. (Επιμελητής έκδοσης), Hersen, Michel (Επιμελητής έκδοσης)
Μορφή: Βιβλίο
Γλώσσα:English
Δημοσίευση: New York : John Wiley, 1989
Σειρά:Wiley series on personality processes
Θέματα:
Ετικέτες: Προσθήκη ετικέτας
Δεν υπάρχουν, Καταχωρήστε ετικέτα πρώτοι!

MARC

LEADER 00000nam a2200000 i 4500
001 1/80382
008 980213s1989 eng d
020 |a 0-471-61023-2 
035 |a 1997  |b 3  |c Αγορά/Πολεμικός  |l 10033431 
040 |a GR-MY-UA  |b gre  |e aacr 
041 0 |a eng 
082 0 |a 362.8292 
245 1 0 |a Treatment of family violence :  |b a sourcebook /  |c edited by Robert T. Ammerman, Michel Hersen 
260 |a New York :   |b John Wiley,   |c 1989 
300 |a 461 p. 
490 1 |a Wiley series on personality processes 
650 0 0 |a Family violence  |z United States. 
650 0 0 |a Problem families  |x Counseling of  |z United States. 
650 0 0 |a Family social work  |z United States. 
700 1 |a Ammerman, Robert T.  |4 edt 
700 1 |a Hersen, Michel.  |4 edt 
830 0 |a Wiley series on personality processes 
852 |a INST  |b RHODES  |e 19980213  |h 362.8292 TRE  |p 005400011181  |q 005400011181  |t BK  |y 0 
901 |a BIBL-1998-1 
909 |a Ρ  |b 052650  |c 1997